000 00630nab a2200181 4500
001 244442
003 OSt
005 20250528132549.0
007 tu
008 200917s2020|||||||
040 _aDE-2950
_cDE-2950
245 0 0 _aNeue Oberschule kommt
_bBildung. Frankfurt braucht eine dritte Oberschule. Nun wird es bei der Frage nach dem Standort konkreter. Ihre ursprünglichen Pläne schmiss die Stadt über den Haufen/
_cLisa Larossa
264 _c2024
653 _aFrankfurt (Oder)
653 _aNeue Oberschule
773 0 _g36. Jahrgang (2025) Nr. 121 vom 26.05.2025, S. 11 mit Foto
_tMärkische Oderzeitung
942 _2z
_cA
999 _c373798
_d373798